000 00725nam a2200241Ia 4500
003 OSt
005 20260417173014.0
006 a|||||r|||| 00| 0
007 ta
008 220926b |||||||| |||| 00| 0 eng d
024 _a3638
037 _cTheses
040 _aCRL
_cCRL
_beng
041 _2eng
_aeng
100 _aGhose Aurobindo
110 _aUniversity of Delhi. Faculty of Social Sciences. Department of Economics
245 0 _aMonopoly in a mixed economy
_b An examination of the Indian case (1956-73)
260 _c1974
650 _aECONOMICS
700 _aUniversity of Delhi. Faculty of Social Sciences. Department of Economics
942 _cTH
_2CC
999 _c857630
_d857630